| 000 | 00748nam a2200253 a 4500 | ||
|---|---|---|---|
| 001 | 27532 | ||
| 003 | BD-RjUL | ||
| 005 | 20211209051152.0 | ||
| 008 | 140325s1963 nyuch 001 0aeng d | ||
| 035 | _a(BD-RjUL)27606 | ||
| 040 |
_aWLN _beng _cWLN _dBD-RjUL |
||
| 041 | _aeng | ||
| 082 | 0 | 0 |
_a973.46092 _bDOT 1963 |
| 100 | 1 |
_aDonovan, Frank Robert, _d1906- _984572 |
|
| 245 | 1 | 4 |
_aThe Thomas Jefferson papers / _cby Frank Donovan. |
| 260 |
_aNew York : _bDodd, Mead, _cc1963. |
||
| 300 |
_aix, 304 p. ; _c22 cm. |
||
| 490 | 0 | _aThe Papers of the Founding Fathers | |
| 504 | _aIncludes index. | ||
| 600 | 1 | 0 |
_aJefferson, Thomas, _d1743-1826. _984582 |
| 700 | 1 |
_aJefferson, Thomas, _d1743-1826. _984574 |
|
| 942 |
_2ddc _cBK |
||
| 999 |
_c27532 _d27532 |
||